Chỗ đứng. Hoa rừng. Nhật ký chiến trường và thơ Truyện ngắn; Truyện và ký

Enregistré dans:
Détails bibliographiques
Auteur principal: Dương Thị Xuân Quý 1941-1969
Format: Livre
Langue:Vietnamese
Publié: H. Hội Nhà văn 2015
Collection:Tác phẩm văn học được giải thưởng Nhà nước
Sujets:
Tags: Ajouter un tag
Pas de tags, Soyez le premier à ajouter un tag!
Thư viện lưu trữ: Mạng thư viện Đại học Đà Nẵng
LEADER 01536nam a2200409 4500
001 000024668
003 21156
005 20161221091234.0
008 161219s2015 viesd
041 0 |a vie 
082 1 4 |a 895.9223403  |b DƯ-Q 
100 1 |a Dương Thị Xuân Quý  |d 1941-1969 
245 1 0 |a Chỗ đứng. Hoa rừng. Nhật ký chiến trường và thơ  |b Truyện ngắn; Truyện và ký  |c Dương Thị Xuân Quý 
260 |a H.  |b Hội Nhà văn  |c 2015 
300 |a 502 tr.  |b chân dung  |c 21 cm. 
490 |a Tác phẩm văn học được giải thưởng Nhà nước 
650 0 4 |a Nhà văn Việt Nam  |x Giải thưởng  |y Thế kỷ 20 
650 0 4 |a Thơ Việt Nam  |x Giải thưởng  |y Thế kỷ 20 
650 0 4 |a Truyện ngắn Việt Nam  |x Giải thưởng  |y Thế kỷ 20 
650 0 4 |a Văn học Việt Nam  |x Giải thưởng  |y Thế kỷ 21 
653 |a Văn học hiện đại 
653 |a Việt Nam 
653 |a Bút ký 
653 |a Ghi chép 
653 |a Thơ 
653 |a Truyện ngắn 
653 |a Truyện ký 
OWN |a LSP 
AVA |a UDN50  |b LSP  |d 895.9223403 DƯ-Q  |e available  |t Error 5001 Not defined in file expand_doc_bib_avail.  |f 4  |g 0  |h N  |i 0  |k 1 
999 |a From the UDN01 
AVA |a UDN50  |b LSP  |d 895.9223403 DƯ-Q  |e available  |t Error 5001 Not defined in file expand_doc_bib_avail.  |f 4  |g 0  |h N  |i 0  |k 1 
TYP |a Monograph 
TYP |a Printed language 
980 |a Mạng thư viện Đại học Đà Nẵng